00978cam a22002771 450000100060000000300080000600500170001400800390003103500190007004000320008904100080012108200150012910000310014424500520017525000120022726000520023930000310029149000240032250400200034660000380036665000570040465000710046194200120053299900170054495201390056117537BD-RjUL20211209000145.0140217s1961 nbua 001 0beng a(BD-RjUL)17595 aDLCcDLCdDLCdBD-RjULbeng aeng00a928.1bBEW1 aBennett, Mildred R.95403514aThe world of Willa Cather /cMildred R. Bennett aNew ed. aLincoln :bUniversity of Nebraska Press,c1961. a285 p. :billus. ;c21 cm.0 aA Bison book, BB112 aIncludes index.10aCather, Willa,d1873-1947.952284 0aNovelists, Americany20th centuryxBiography.954036 0aWomen and literaturezUnited StatesxHistoryy20th century.954037 2ddccBK c17537d17537 00102ddc40718NFICaRUCLbRUCLcReadingd1965-04-28eZeitlingerg12.00l0o928.1 BEW 1961r2014-02-17 00:00:00tC-1w2014-02-17yBK